00327nam a2200121Ia 4500008004100000041000800041082001500049100002300064245004500087260003900132300002500171365000900196240624s9999 xx 000 0 und d aeng a332.6 MCC  aMCCARTHY TIMOTHY F aSAFE INVESTOR HOW TO MAKE YOUR MONEY GRO c2014aNew YorkbPalgrave Macmillan axiii, 305 p.; 24 cm. cb38